Goleadores de Primera División de Argentina del Siglo XXI - Estadísticas

Estadísticas generales
  • Esta prueba ha sido intentada 230 veces
    110 desde el último reinicio
  • La puntuación promedio es 21 de 40
Estadísticas de respuestas
Torneo Jugador Club % Correcto
Apertura 2008 José Sand Lanús
85%
Clausura 2009 José Sand Lanús
85%
2016 José Sand Lanús
85%
2021 Julián Álvarez River Plate
84%
Clausura 2007 Martín Palermo Boca Juniors
83%
2016-17 Darío Benedetto Boca Juniors
80%
Torneo de Transición 2014 Lucas Pratto/Maxi Rodríguez/Silvio Romero Vélez Sarsfield/Newell's/Lanús
79%
Final 2013 Emmanuel Gigliotti/Ignacio Scocco Colón/Newell's
75%
Incial 2012 Facundo Ferreyra/Ignacio Scocco Vélez Sarsfield/Newell's
73%
2019-20 Rafael Santos Borré/Silvio Romero River Plate/Independiente
73%
2017-18 Santiago García Godoy Cruz
73%
Apertura 2004 Lisandro López Racing
70%
2018-19 Lisandro López Racing
70%
2015 Marco Ruben Rosario Central
70%
Apertura 2009 Santiago Silva Banfield
69%
Apertura 2010 Santiago Silva/Denis Stracqualursi Vélez Sarsfield/Tigre
69%
2022 Mateo Retegui Tigre
62%
2023 Michael Santos/Pablo Vegetti Talleres/Belgrano
62%
Apertura 2006 Rodrigo Palacio/Mauro Zárate Boca Juniors/Vélez Sarsfield
62%
Clausura 2010 Mauro Boselli Estudiantes LP
56%
Final 2014 Mauro Zárate Vélez Sarsfield
54%
Clausura 2004 Rolando Zárate Vélez Sarsfield
54%
Clausura 2000 Esteban Fuertes Colón
51%
Clausura 2002 Fernando Cavenaghi River Plate
48%
Clausura 2012 Carlos Luna Tigre
45%
2024 Franco Jara Belgrano
37%
Clausura 2011 Javier Cámpora/Teófilo Gutiérrez Huracán/Racing
36%
Apertura 2003 Ernesto Farías Estudiantes LP
34%
Clausura 2005 Mariano Pavone Estudiantes LP
31%
Inicial 2013 César Pereyra Belgrano
25%
Apertura 2011 Rubén Ramírez Godoy Cruz
25%
Apertura 2007 Germán Denis Independiente
24%
Apertura 2002 Andrés Silvera Independiente
22%
Apertura 2005 Javier Cámpora Tiro Federal
21%
Apertura 2000 Juan Pablo Ángel River Plate
19%
Clausura 2003 Luciano Figueroa Rosario Central
17%
Apertura 2001 Martín Cardetti River Plate
17%
Clausura 2001 Bernardo Romeo San Lorenzo
15%
Clausura 2008 Darío Cvitanich Banfield
13%
Clausura 2006 Gonzalo Vargas Gimnasia y Esgrima LP
7%
No se encontraron pruebas coincidentes
Distribución de puntuación
Porcentaje de gente con cada puntuación
Porcentaje por número respondido
Historial de tus puntuaciones
No has intentado esta prueba desde el último reinicio